[Event "4th Chessfestival Gredine 2018"]
[Site "Ortisei"]
[Date "2018.06.24"]
[Round "9.1"]
[White "Sonis, Francesco"]
[Black "Saric, Ivan"]
[Result "0-1"]
[WhiteElo "2448"]
[BlackElo "2685"]
[Annotator "TA"]
[PlyCount "86"]
[EventDate "2018.06.16"]
[EventType "swiss"]
[EventCountry "ITA"]
[SourceTitle "playchess.com"]
[Source "ChessBase"]
[SourceQuality "1"]

{[%evp 18,86,8,-55,11,12,19,23,28,33,39,50,57,36,37,29,95,86,80,21,52,15,13,5,13,0,0,-10,-13,-12,-8,-128,-133,-314,-315,-358,-363,-350,-358,-340,-340,-328,-265,-548,-579,-762,-744,-1130,-1133,-1015,-1061,-967,-1010,-780,-707,-704,-687,-752,-528,-809,-752,-736,-713,-1274,-1234,-1109,-1095,-886,-674,-1945,-1930]} 1. d4 Nf6 2. c4 e6 3. Nf3 Bb4+ 4. Bd2 Qe7 5. g3 Bxd2+ 6. Qxd2 Nc6 {E11: Damenindisch (Bogoljubow-Variante)} (6... d5 7. Bg2 O-O 8. O-O Rd8 9. Na3 c6 10. Rac1 Nbd7 11. Rfd1 a5 12. Ne5 Nf8 13. Nb1 Ne8 14. Qc2 f6 15. Nf3 Nd6 16. Nbd2 {½-½ (30) Krasenkow,M (2671)-Korobov,A (2652) Wijk aan Zee 2018}) 7. Nc3 d5 8. Bg2 dxc4 9. O-O O-O 10. e4 {LiveBook: 10 Partien} ({Besser ist} 10. Ne5 $11) 10... e5 (10... Rd8 $15) 11. Nd5 $146 ({Vorgänger:} 11. d5 Rd8 12. Qe2 Na5 13. Nd2 Qc5 14. Rfc1 {1-0 (70) Suvorov,A (2120)-Kotyk,M (1945) Verden/Aller 2017}) 11... Nxd5 12. exd5 e4 13. dxc6 exf3 14. Bxf3 bxc6 15. Bxc6 Rb8 16. Bd5 Rd8 (16... Qb4 $11 {hält das Gleichgewicht.} 17. Qxb4 Rxb4) 17. Bxc4 $16 Qf6 18. Qe2 (18. Rfe1 $16) 18... Bb7 19. d5 c6 {[%cal Bc7c6,Bc6c5,Bc5c4,Bc4c3,Bc3c2][%mdl 32]} 20. d6 c5 21. Rfe1 h6 ({Viel schwächer wäre} 21... Qxd6 $6 22. Rad1 $16) 22. Bd3 Qxd6 23. Rad1 $1 Qf6 {Droht ...Lf3 und aus.} 24. Rd2 {[#]} (24. Rc1 $11 {bleibt in der Remisbreite.}) 24... Bc6 $1 $40 {[%mdl 128] Schwarz greift entschieden an.} ({Bitte nicht} 24... Qc6 $6 25. Be4 $11) 25. Qd1 $2 (25. Rc1 $17 {ist wohl besser.}) 25... c4 $19 26. Be2 {beabsichtigt Txd8+.} Rxd2 27. Qxd2 Rxb2 28. Qe3 c3 ({Weniger gut wäre} 28... Rxa2 29. Bxc4 Ra1 30. Bxf7+ Kh8 31. Bh5 $17) 29. Rc1 Rxa2 30. Bf1 $2 (30. Bc4 Ra4 31. Bf1) 30... c2 {Schwarz steht klar auf Gewinn.} 31. Qd3 g6 32. Bg2 Qb2 33. Qf1 Bxg2 34. Kxg2 {[%mdl 4096] Endspiel KDT-KDT} Qb7+ 35. Kg1 Qe4 36. Qb5 Qd4 {[#] Und weiter mit ...Ta1 wäre nett.} 37. Qe2 Qc3 {Und ...Ta1 würde nun gewinnen.} 38. Kg2 Rb2 39. Qe4 a5 40. h4 h5 41. Qa8+ Kg7 {Weiss muss nun ...Tb1 beachten.} 42. Qe4 Ra2 43. Qd5 Ra4 {Precision: Weiß = 30%, Schwarz = 73%.} 0-1

[Event "4th Chessfestival Gredine 2018"]
[Site "Ortisei"]
[Date "2018.06.24"]
[Round "9.2"]
[White "Pruijssers, Roeland"]
[Black "Praggnanandhaa, R."]
[Result "0-1"]
[WhiteElo "2514"]
[BlackElo "2529"]
[Annotator "TA"]
[PlyCount "80"]
[EventDate "2018.06.16"]
[EventType "swiss"]
[EventCountry "ITA"]
[SourceTitle "playchess.com"]
[Source "ChessBase"]
[SourceQuality "1"]

{[%evp 24,80,0,0,0,-209,-199,-240,-189,-183,-189,-202,-203,-289,-236,-234,-116,-113,-112,-115,-110,-120,-118,-126,-133,-131,-123,-129,-132,-123,-122,-128,-120,-128,-128,-133,-129,-148,-144,-143,-138,-160,-142,-142,-142,-143,-132,-156,-148,-152,-153,-212,-201,-187,-195,-203,-161,-29998,-29999]} 1. e4 e5 2. Nf3 Nc6 3. Bb5 a6 4. Ba4 Nf6 5. O-O b5 6. Bb3 Bb7 7. c3 Nxe4 8. d4 exd4 9. Re1 {C78: Spanische Partie (Archangelsk- und Möller-Variante)} d5 10. Ng5 Qf6 11. Bxd5 Qxf2+ 12. Kh1 O-O-O 13. Nxe4 {LiveBook: 5 Partien} Qf5 14. Bb3 $2 (14. c4 $11 bxc4 15. Bxc4) 14... dxc3 $19 15. Qf3 Qxf3 16. gxf3 Ne5 17. Nbxc3 {[#]} b4 $146 18. Bg5 (18. Kg2 $142 bxc3 19. bxc3) 18... f6 19. Bf4 {[#] Droht stark Lxe5.} bxc3 (19... Nxf3 $19 20. Be6+ Kb8) 20. Bxe5 $17 fxe5 21. bxc3 Be7 22. Rab1 Kb8 23. Re2 Ka7 24. Kg2 Rhf8 25. Rd1 Rxd1 26. Bxd1 Rd8 27. Bc2 Bd5 28. Bb3 Bc6 29. Bc2 g6 30. Kg3 a5 {[%cal Ba6a5,Ba5a4][%mdl 32]} 31. h4 h6 32. Rh2 Rb8 33. Bb3 a4 34. Bf7 Rb1 35. Rd2 Rg1+ 36. Kh2 Rc1 37. Bxg6 (37. Bd5 $17 {war einen Versuch wert.} Bd7 38. Rg2) 37... Bxh4 $19 38. Kh3 Be1 39. Rd3 Rc2 40. Re3 $2 {[#]} (40. a3 $19) 40... Bd7+ {Precision: Weiß = 41%, Schwarz = 77%.} 0-1

[Event "4th Chessfestival Gredine 2018"]
[Site "Ortisei"]
[Date "2018.06.24"]
[Round "9.3"]
[White "Moroni, Luca Jr"]
[Black "Tarlev, Konstantin"]
[Result "0-1"]
[WhiteElo "2549"]
[BlackElo "2552"]
[Annotator "TA"]
[PlyCount "138"]
[EventDate "2018.06.16"]
[EventType "swiss"]
[EventCountry "ITA"]
[SourceTitle "playchess.com"]
[Source "ChessBase"]
[SourceQuality "1"]

{[%evp 11,138,18,31,-2,-8,4,8,0,4,-5,4,-5,-10,-7,-6,-12,-14,-21,-20,-24,-14,-12,-8,-19,0,-8,-10,-34,-35,-71,-48,-55,-61,-51,-54,-56,-35,-16,0,-26,0,-19,-9,-24,-37,-29,-22,-65,-55,-61,-28,-20,-20,-35,-32,-32,-16,-16,-13,-71,-30,-17,-18,-70,-11,-12,-8,-12,-8,-15,-8,-8,-8,-18,-8,-8,-8,-19,-20,-49,-36,-65,-43,-88,-85,-123,-119,-133,-133,-135,-117,-94,-108,-127,-97,-159,0,-131,0,-168,-162,-153,-156,-156,-161,-145,-100,-201,-201,-597,-573,-754,-764,-717,-783,-747,-706,-6167,-6065,-5109,-5427,-29978,-29981,-29979,-29980,-29986,-29986,-29986,-29987]} 1. c4 {Yermolinsky,A} e6 2. Nc3 d5 3. d4 Be7 4. cxd5 exd5 5. Bf4 c6 6. e3 Bd6 {LiveBook: 212 Games. D31: Queen's Gambit Declined: Semi-Slav without ...Nf6 (+ Marshall Gambit and Noteboom) and Exchange Variation lines without ...Nf6} (6... Bf5 7. g4 Be6 8. Qb3 Qb6 9. f3 g5 10. Be5 f6 11. Bg3 Qxb3 12. axb3 h5 13. gxh5 Rxh5 14. Bd3 Kf7 15. h4 f5 {½-½ (42) Kramnik,V (2800)-So,W (2799) Berlin 2018}) 7. Nf3 $146 ({Predecessor:} 7. Bg3 Ne7 8. Bd3 Bf5 9. Nge2 O-O 10. a3 a5 11. Rc1 Bxd3 12. Qxd3 Na6 13. Na4 Nc8 14. Nc5 Qe7 15. Qc3 {½-½ (46) Hou,Y (2666)-Riazantsev,A (2654) Geneva 2017 CBM 180 [Yermolinsky,A]}) 7... Bxf4 8. exf4 Bg4 {The position is equal.} 9. Be2 Bxf3 10. Bxf3 ({Reject} 10. gxf3 Nd7 $17) 10... Nf6 11. O-O O-O 12. Re1 Nbd7 13. Qd2 Re8 14. f5 h6 15. h4 Rxe1+ 16. Rxe1 Ne8 {[%cal Bf6e8,Be8d6,Bd6c4][%mdl 32]} 17. Qf4 Qb8 18. Qe3 Nd6 19. g4 h5 20. f6 Nc4 (20... gxf6 21. Qf4 $16 (21. gxh5 Nf5 $14)) (20... Nxf6 $5 {[%cal Rh5g4]} 21. g5 Ng4 22. Bxg4 hxg4 $15) 21. Qg5 {[%csl Gf6][%cal Rg5g7]} Nxf6 22. gxh5 Nh7 23. Qg4 Qd6 ({Inferior is} 23... Nxb2 24. h6 $16) 24. b3 $1 {[%cal Rb3c4]} Nb6 25. Re3 Rd8 26. Ne2 Nd7 27. Nf4 Ndf6 28. Qg3 Re8 29. Ne2 Qxg3+ 30. Nxg3 Kf8 31. Nf5 Rd8 32. b4 Ne8 33. a4 Nd6 34. Nxd6 Rxd6 $11 {[%mdl 4096] Endgame KRB-KRN} 35. Bg4 (35. b5 $11 {keeps the balance.}) 35... Rd8 36. b5 Nf6 37. f3 (37. Bf3 $11) 37... Rd6 (37... Re8 $15 38. Kf2 cxb5 39. axb5 Rxe3 40. Kxe3 Nxg4+ 41. fxg4 a5 42. bxa6 bxa6) 38. Rb3 cxb5 39. Rxb5 b6 40. a5 Ne8 41. axb6 axb6 {[%cal Ba7b6,Bb6b5,Bb5b4,Bb4b3][%mdl 32]} 42. Rb3 Nc7 43. Kf2 Ke7 44. Ke3 b5 45. Kd3 Ra6 46. Bf5 Ra1 47. Rc3 Kd6 48. Rc2 Ra3+ 49. Ke2 b4 {...Nb5 is the strong threat.} 50. Rb2 {[#]} b3 $1 {Hoping for ...Nb5.} 51. Kd3 Nb5 {Strongly threatening ...Ra4.} 52. Bg4 Kc6 53. Bh3 ({White should try} 53. h6 gxh6 54. Bh5) 53... Kd6 54. Bg4 $1 Kc6 55. Bh3 $1 Ra4 56. Rxb3 Nxd4 57. Rc3+ Kd6 58. Ke3 Nc6 {aiming for ...d4+.} 59. Rb3 (59. Kf2 $17) 59... Rxh4 $19 60. Bg4 $2 {[#]} (60. Bf1) 60... f5 $1 {[%mdl 512]} 61. Kf4 {and the idea Kg5 leaves White hopeful.} (61. Bxf5 Nd4) 61... fxg4 62. fxg4 {KRN-KR} d4 {[%cal Bd5d4,Bd4d3,Bd3d2][%mdl 32]} 63. Kg5 Rh1 64. Kg6 Ne5+ 65. Kxg7 Nxg4 66. Kg6 Ne5+ {Black mates.} 67. Kg5 d3 68. Rb2 Nf3+ 69. Kg6 d2 {Precision: White = 36%, Black = 65%.} 0-1

[Event "4th Chessfestival Gredine 2018"]
[Site "Ortisei"]
[Date "2018.06.24"]
[Round "9.4"]
[White "Kindermann, Stefan"]
[Black "Vocaturo, Daniele"]
[Result "0-1"]
[WhiteElo "2506"]
[BlackElo "2608"]
[Annotator "TA"]
[PlyCount "76"]
[EventDate "2018.06.16"]
[EventType "swiss"]
[EventCountry "ITA"]
[SourceTitle "playchess.com"]
[Source "ChessBase"]
[SourceQuality "1"]

{[%evp 11,76,-1,-6,-19,-18,-26,-16,-19,0,0,0,0,7,-18,-31,-7,-10,-20,0,-45,-45,-32,0,0,35,-3,0,0,0,-15,0,-72,2,-41,0,-30,-28,-26,-23,-29,-5,-160,-89,-166,0,9,144,-771,-759,-1044,-1047,-1076,-681,-685,-677,-685,-681,-667,-654,-1338,-1329,-1297,-1153,-1664,-1047,-29961,-29957]} 1. e4 c5 2. d3 Nc6 3. f4 d5 4. Be2 e6 5. Nf3 Bd6 (5... Nf6 6. e5 Nd7 7. c3 b5 8. O-O Be7 9. Be3 Rb8 10. Nbd2 a5 11. d4 b4 12. c4 cxd4 13. Nxd4 Nxd4 14. Bxd4 {0-1 (47) Kovalev,V (2639)-Ganguly,S (2650) Riadh 2017}) 6. O-O {B21: Sicilian: 2 f4 and Morra Gambit} Nge7 {LiveBook: 17 Games} 7. c4 O-O 8. cxd5 $146 {The position is equal.} ({Predecessor:} 8. Nc3 b6 9. Kh1 a6 10. cxd5 exd5 11. e5 Bb8 12. d4 c4 13. Be3 {1-0 (33) Tiller,B (2382)-Conquest,S (2524) West Bromwich 2004}) 8... exd5 9. Nc3 d4 10. Nb5 Bb8 $1 11. f5 f6 12. Qe1 a6 13. Na3 b5 14. Qh4 Bb7 15. g4 c4 $36 {[%mdl 2048] Black has some pressure.} 16. g5 cxd3 17. Bd1 {[#] Bb3+ is the strong threat.} Na5 18. gxf6 (18. Bd2 $5 {[%cal Ra1c1]}) 18... gxf6 19. Bh6 (19. Qg4+ $2 Kh8 $19) 19... Kh8 $1 (19... Rf7 $6 20. b4 $16) 20. Bxf8 Qxf8 21. Rc1 (21. Kh1 $11) 21... Nec6 (21... Ng8 $17) 22. b3 Ne5 23. Nxe5 Bxe5 24. Nb1 Nc6 25. Nd2 Nb4 26. Nf3 $2 {[#]} (26. a4 $11) 26... Bd6 ({Black should play} 26... Qd6 27. Nxe5 Qxe5) 27. Nxd4 (27. Rf2 $17 {was necessary.}) 27... d2 $2 ({Much less strong is} 27... Nxa2 28. Ne6 $15) (27... Qe7 $19 28. Bf3 Nxa2) 28. Rc3 $11 Be5 ({Wrong is} 28... Nxa2 $2 29. Rc2 $18) (28... Qg7+ $11 {remains equal.} 29. Kh1 Qg5 30. Qxg5 fxg5) 29. Kh1 $2 {[%mdl 8192]} (29. Ne6 $16 Qe7 30. Re3) 29... Qe7 $19 ({Weaker is} 29... Bxd4 30. Rc7 $11) 30. Ne2 Bxc3 31. Nxc3 Nxa2 32. Nd5 Bxd5 33. exd5 Nc3 34. Bf3 Qe5 $1 {[%csl LRd5,LRf5]} 35. Qh6 Ne4 36. Qh4 Ng5 37. Bg2 Rg8 38. Qb4 Qe2 {Precision: White = 26%, Black = 46%.} 0-1

[Event "4th Chessfestival Gredine 2018"]
[Site "Ortisei"]
[Date "2018.06.24"]
[Round "9.6"]
[White "Hecht, Hans Joachim"]
[Black "Sarkar, Justin"]
[Result "0-1"]
[WhiteElo "2327"]
[BlackElo "2297"]
[Annotator "ChessBase"]
[PlyCount "56"]
[EventDate "2018.06.16"]
[EventType "swiss"]
[EventCountry "ITA"]
[SourceTitle "playchess.com"]
[Source "ChessBase"]
[SourceQuality "1"]
[TimeControl "40/5400+30:1800+30"]

1. d4 {[%emt 0:00:30]} Nf6 {[%emt 0:01:00]} 2. c4 {[%emt 0:00:00]} g6 {[%emt 0:01:30]} 3. Nc3 {[%emt 0:00:00]} d5 {[%emt 0:00:30]} 4. Nf3 {[%emt 0:00:30]} Bg7 {[%emt 0:00:30]} 5. Qb3 {[%emt 0:00:00]} dxc4 {[%emt 0:01:30]} 6. Qxc4 {[%emt 0:00:00]} Be6 {[%emt 0:01:30]} 7. Qa4+ {[%emt 0:06:30]} Bd7 {[%emt 0:01:30]} 8. Qc2 {[%emt 0:00:30]} c5 {[%emt 0:00:30]} 9. d5 {[%emt 0:19:30]} e6 {[%emt 0:01:30]} 10. e4 {[%emt 0:08:30]} exd5 {[%emt 0:00:30]} 11. e5 {[%emt 0:01:30]} Ng4 {[%emt 0:07:30]} 12. Nxd5 {[%emt 0:15:30]} Nxe5 {[%emt 0:03:30]} 13. Nxe5 {[%emt 0:04:30]} Bxe5 {[%emt 0:00:30]} 14. Bh6 {[%emt 0:13:30]} Nc6 {[%emt 0:13:30]} 15. O-O-O {[%emt 0:05:30]} Qh4 {[%emt 0:03:30]} 16. Qd2 {[%emt 0:01:30]} O-O-O {[%emt 0:00:30]} 17. Bg5 {[%emt 0:00:30]} Qa4 {[%emt 0:02:30]} 18. Nc3 {[%emt 0:12:21]} Bxc3 {[%emt 0:03:30]} 19. Qxc3 {[%emt 0:00:06]} Bg4 {[%emt 0:08:30]} 20. Be2 {[%emt 0:01:47]} Bxe2 {[%emt 0:01:30]} 21. Rxd8+ {[%emt 0:00:53]} Rxd8 {[%emt 0:00:30]} 22. Bxd8 {[%emt 0:00:04]} Qf4+ {[%emt 0:06:30]} 23. Qd2 {[%emt 0:02:45]} Qc4+ {[%emt 0:00:00]} 24. Kb1 {[%emt 0:00:02]} Bd3+ {[%emt 0:04:00]} 25. Ka1 {[%emt 0:00:07]} Nb4 {[%emt 0:00:30]} 26. b3 {[%emt 0:01:40]} Qd4+ {[%emt 0:00:30]} 27. Qb2 {[%emt 0:00:00]} Nc2+ {[%emt 0:00:30]} 28. Kb1 {[%emt 0:00:00]} Kxd8 {[%emt 0:02:30]} 0-1

[Event "4th Chessfestival Gredine 2018"]
[Site "Ortisei"]
[Date "2018.06.24"]
[Round "9.7"]
[White "Kveinys, Aloyzas"]
[Black "Fischer, Daniel"]
[Result "1-0"]
[WhiteElo "2519"]
[BlackElo "1926"]
[Annotator "TA"]
[PlyCount "94"]
[EventDate "2018.06.16"]
[EventType "swiss"]
[EventCountry "ITA"]
[SourceTitle "playchess.com"]
[Source "ChessBase"]
[SourceQuality "1"]

{[%evp 19,94,-16,-14,0,0,0,0,0,0,0,0,0,0,-10,-6,-20,0,-12,-7,-11,-8,-9,-1,-23,-15,-28,0,0,0,0,0,0,0,0,0,8,7,0,0,-6,8,8,29,40,25,8,156,42,37,43,50,48,43,27,52,46,58,0,20,29,44,39,37,74,566,566,510,503,29986,29987,29997,0,1124,-29978,29959,457,447]} 1. d4 Nf6 2. Bg5 d5 3. Bxf6 exf6 4. e3 Bd6 5. g3 O-O 6. Bg2 {D00: 1 d4 d5: Unusual lines} c6 7. Nd2 f5 (7... Be6 8. Ne2 Nd7 9. O-O f5 10. Rc1 Nf6 11. c4 dxc4 12. Nxc4 Bd5 13. Bxd5 Nxd5 {½-½ (22) Safarli,E (2657)-Iturrizaga Bonelli,E (2641) Berlin 2015}) 8. Ne2 Nd7 9. O-O Nf6 10. c4 dxc4 {LiveBook: 19 Games} 11. Nxc4 Bc7 12. Qc2 Re8 13. Rfd1 Qe7 $146 14. Rac1 g6 15. Nc3 Be6 {[%cal Bc8e6,Be6d5,Bd5c6][%mdl 32]} 16. Nd2 Rad8 17. b4 Bb8 18. a3 h5 19. Nf3 Kg7 20. Qb2 Bd5 21. b5 cxb5 22. Qxb5 Bc6 23. Qb3 Nd5 24. Nh4 {[%cal Rc3d5]} Nxc3 25. Rxc3 Be4 26. a4 Bd6 27. Rdc1 Qd7 28. Qb5 Re7 29. Rb3 b6 30. Rbc3 Kg8 31. Bxe4 fxe4 32. Rc6 Rb8 {[#]} (32... Re6 $11 {remains equal.}) 33. Qd5 ({Only move:} 33. Nxg6 $1 $16 {[%mdl 512]} fxg6 34. Qd5+ Re6 35. Rc7 $1 {[%mdl 512]}) 33... Re6 $14 34. f4 exf3 $1 35. Nxf3 {[%cal Bh4f3,Bf3g5,Bg5e4][%mdl 32]} Rd8 36. Ng5 {Strongly threatening Rf1.} Rf6 {And now ...Rf5 would win.} (36... Bf4 $2 37. Qxd7 Bxe3+ 38. Kg2 $18) 37. Ne4 $36 {[%mdl 2048] White is more active.} Re6 38. Ng5 {Rf1 is the strong threat.} Rf6 {White must now prevent ...Rf5.} (38... Bf4 $2 39. Qxd7 Bxe3+ 40. Kg2 $18) 39. Rf1 Rxf1+ 40. Kxf1 Qe7 $1 41. Ne4 Bxg3 $2 {[%mdl 8192]} (41... Bf4 $16 {is a better chance.} 42. Rxg6+ Kf8) 42. Rxg6+ $1 $18 Kf8 43. Qf5 ({And not} 43. Nf6 Qxf6+ 44. Rxf6 Rxd5 $15) 43... Bxh2 (43... Bh4 $18 44. Rh6 Qa3) 44. Ng5 Bd6 {[#]} 45. Ne4 $2 (45. Rg8+ $1 {[%mdl 512] mates} Kxg8 46. Qh7+ Kf8 47. Qh8#) 45... Bf4 $2 {[%mdl 8192]} (45... Bh2 $11) 46. Qd5 $4 {[%mdl 8192]} ({Weaker is} 46. exf4 Rxd4 47. Ng3 (47. Qxh5 Qxe4 48. Qh8+ Ke7 $11) 47... Rd1+ 48. Kg2 Qb7+ 49. Kf2 Rd5 $16) (46. Qxf4 $18 Qa3 47. Kf2 Qa2+ 48. Kg3) 46... Qf6 $4 {[%mdl 8192] [#]} (46... Rxd5 {and all is fine.} 47. Nf6 fxg6 48. Nxd5 Qf7 49. Nxf4 g5 50. a5 bxa5 51. Ke2 gxf4 52. exf4 Qxf4 53. d5 Qe4+ 54. Kd2 Qxd5+ 55. Ke3 a4 56. Kf4 a3 57. Ke3 a2 58. Ke2 a1=Q 59. Kf2 Qd2+ 60. Kg3 Qg7+ 61. Kh4 Qh2#) 47. Rxf6 (47. Rg8+ $142 $1 {[%mdl 512]} Kxg8 48. Nxf6+ Kg7 49. Qxd8 Bg5 50. Nxh5+ Kh6 51. Qh8+ Kg6 52. Nf4+ Kf5 53. Qh7+ Kf6 54. Nd5+ Ke6 55. e4) 47... Rxd5 {Precision: White = 51%, Black = 42%.} 1-0

[Event "4th Chessfestival Gredine 2018"]
[Site "Ortisei"]
[Date "2018.06.24"]
[Round "9.8"]
[White "Gholami, Aryan"]
[Black "Kumar, Nikhil"]
[Result "1-0"]
[WhiteElo "2490"]
[BlackElo "2286"]
[Annotator "TA"]
[PlyCount "79"]
[EventDate "2018.06.16"]
[EventType "swiss"]
[EventCountry "ITA"]
[SourceTitle "playchess.com"]
[Source "ChessBase"]
[SourceQuality "1"]

{[%evp 18,79,-17,-40,-27,-31,-34,-60,-14,-24,35,39,47,20,67,53,58,5,100,69,92,89,119,105,118,108,164,154,154,149,159,143,155,103,182,174,163,127,134,126,102,136,310,314,450,455,433,433,432,419,921,845,12836,12836,29988,29989,29985,12835,12835,12832,2358,893,12829,11916]} 1. d4 Nf6 2. Bf4 b6 3. e3 Bb7 4. Nf3 g6 5. Nbd2 Bg7 6. h3 {A47: 1 d4 Nf6 2 Nf3 b6: Torre, London and Colle Systems} d6 7. Bd3 (7. Bh2 c5 8. c3 Nbd7 9. Bd3 a6 10. a4 O-O 11. O-O Qc7 12. Qe2 Rfe8 13. e4 e5 14. dxe5 Nxe5 15. Bxe5 dxe5 {½-½ (38) Esipenko,A (2564)-Duda,J (2717) Riadh 2017}) 7... Nbd7 8. Bh2 O-O 9. O-O Re8 10. e4 {LiveBook: 3 Games} e5 11. d5 Nc5 $146 ({Predecessor:} 11... c6 12. c4 Nc5 13. Bc2 cxd5 14. exd5 {0-1 (27) Carlstedt,J (2413)-Sachdev,T (2386) Hoogeveen 2017}) 12. Bb5 Rf8 13. Re1 Ne8 (13... a6 $11 14. Bf1 c6) 14. b4 $14 Nd7 15. c4 f5 16. Qa4 Rf7 17. h4 (17. Qc2 $14) 17... a6 (17... h6 $11) 18. Bc6 $16 Bxc6 19. dxc6 Nf8 {[#] White should prevent ...Ne6.} 20. Ng5 $1 Re7 21. Qb3 {And now c5+ would win.} Bf6 (21... Kh8 $16) 22. c5+ $18 Kg7 23. exf5 gxf5 24. cxb6 cxb6 25. Nc4 (25. f4 $142) 25... h6 (25... f4 $16 {was necessary.}) 26. Ne3 Qc8 27. Nd5 hxg5 28. hxg5 (28. Nxe7 Bxe7 29. hxg5 Bxg5 $11) 28... Bxg5 29. Qg3 $36 {[%mdl 2048] Keeping Black busy.} Kh6 $2 (29... Nh7 $16) 30. f4 ({Worse is} 30. Nxe7 Bxe7 31. Qg8 Nf6 $15) 30... Bf6 (30... Rg7 $142 31. fxg5+ Rxg5 32. Qh3+ (32. Nxb6 Qxc6 33. Qh3+ Rh5 $11) 32... Rh5 33. Qe3+ (33. Nxb6 Rxh3 34. Nxc8 Rxh2 $15) 33... Rg5) 31. Nxf6 Nxf6 32. Qg5+ Kh7 33. fxe5 ({Not} 33. Qxf6 Rg7 $18) 33... dxe5 (33... Qe8 $142 34. Qxf6 Ng6) 34. Bxe5 Ng8 35. Re3 {[#] Rh3+ would kill now.} Qe6 36. Rh3+ Nh6 37. Rxh6+ (37. Bf6 $142 Qxf6 38. Qxf6 Ng6 39. Qg5 Rg7 40. Rxh6+ Kg8 41. Rxg6 Rxg6 42. Qxg6+ Kf8 43. Rf1) 37... Qxh6 {White is clearly winning.} 38. Qxe7+ Kg8 39. Re1 (39. Rd1 $142 Ne6 40. Rd3) 39... Nh7 40. c7 {Precision: White = 64%, Black = 20%.} 1-0

[Event "4th Chessfestival Gredine 2018"]
[Site "Ortisei"]
[Date "2018.06.24"]
[Round "9.9"]
[White "Tan, Justin"]
[Black "Zucchelli, Massimo"]
[Result "1-0"]
[WhiteElo "2281"]
[BlackElo "2089"]
[Annotator "ChessBase"]
[PlyCount "49"]
[EventDate "2018.06.16"]
[EventType "swiss"]
[EventCountry "ITA"]
[SourceTitle "playchess.com"]
[Source "ChessBase"]
[SourceQuality "1"]
[TimeControl "40/5400+30:1800+30"]

1. Nf3 {[%emt 0:00:30]} d5 {[%emt 0:01:00]} 2. e3 {[%emt 0:00:30]} Nf6 {[%emt 0:00:30]} 3. c4 {[%emt 0:00:30]} c6 {[%emt 0:01:30]} 4. d4 {[%emt 0:01:30]} e6 {[%emt 0:02:30]} 5. Bd3 {[%emt 0:00:30]} Nbd7 {[%emt 0:03:30]} 6. O-O {[%emt 0:00:30]} Bd6 {[%emt 0:00:30]} 7. Nc3 {[%emt 0:05:30]} O-O {[%emt 0:01:30]} 8. e4 {[%emt 0:01:30]} dxe4 {[%emt 0:00:30]} 9. Nxe4 {[%emt 0:00:00]} Nxe4 {[%emt 0:00:30]} 10. Bxe4 {[%emt 0:00:00]} Nf6 {[%emt 0:00:30]} 11. Bc2 {[%emt 0:00:30]} h6 {[%emt 0:00:30]} 12. b3 {[%emt 0:03:30]} b6 {[%emt 0:05:30]} 13. Bb2 {[%emt 0:00:30]} Bb7 {[%emt 0:02:30]} 14. Qd3 {[%emt 0:00:30]} Re8 {[%emt 0:03:30]} 15. Rfe1 {[%emt 0:01:30]} Qc7 {[%emt 0:09:30]} 16. c5 {[%emt 0:13:30]} bxc5 {[%emt 0:09:30]} 17. dxc5 {[%emt 0:00:30]} Bxc5 {[%emt 0:00:30]} 18. Bxf6 {[%emt 0:05:30]} gxf6 {[%emt 0:00:30]} 19. Qh7+ {[%emt 0:01:30]} Kf8 {[%emt 0:00:30]} 20. Nh4 {[%emt 0:04:30]} Ke7 {[%emt 0:27:30]} 21. Rad1 {[%emt 0:06:30]} Bxf2+ {[%emt 0:06:30]} 22. Kxf2 {[%emt 0:00:30]} Qf4+ {[%emt 0:00:30]} 23. Kg1 {[%emt 0:01:30]} Qxh4 {[%emt 0:00:30]} 24. Rxe6+ {[%emt 0:00:30]} Kxe6 {[%emt 0:00:30]} 25. Qf5+ 1-0

[Event "4th Chessfestival Gredine 2018"]
[Site "Ortisei"]
[Date "2018.06.24"]
[Round "9.10"]
[White "Molina, Fabrizio"]
[Black "Borgo, Giulio"]
[Result "0-1"]
[WhiteElo "2212"]
[BlackElo "2397"]
[Annotator "NA"]
[PlyCount "86"]
[EventDate "2018.06.16"]
[EventType "swiss"]
[EventCountry "ITA"]
[SourceTitle "playchess.com"]
[Source "ChessBase"]
[SourceQuality "1"]
[TimeControl "40/5400+30:1800+30"]

1. d4 {[%emt 0:00:30]} d5 {[%emt 0:01:00]} 2. Bf4 {[%emt 0:00:30]} Nf6 {[%emt 0:00:30]} 3. e3 {[%emt 0:00:30]} e6 {[%emt 0:01:30]} 4. Nd2 {[%emt 0:03:30]} Bd6 {[%emt 0:03:30]} 5. Bg3 {[%emt 0:00:30]} O-O {[%emt 0:00:30]} 6. Ngf3 {[%emt 0:02:30]} c5 {[%emt 0:01:30]} 7. c3 {[%emt 0:00:00]} Qc7 {[%emt 0:00:00]} 8. Ne5 {[%emt 0:05:00]} c4 {[%emt 0:02:00]} 9. f4 {[%emt 0:03:30]} Nbd7 {[%emt 0:00:30]} 10. Bh4 {[%emt 0:00:30]} Ne8 {[%emt 0:06:30]} 11. b3 {[%emt 0:28:30]} b5 $15 {[%emt 0:05:30]} ({Much worse is} 11... Bxe5 $6 12. fxe5 f6 13. exf6 $14) 12. Be2 {[%emt 0:11:30]} Nb6 {[%emt 0:01:30]} 13. O-O {[%emt 0:02:30]} f6 {[%emt 0:10:30]} 14. Ng4 {[%emt 0:03:30]} Bd7 {[%emt 0:13:30]} 15. Qc2 {[%emt 0:04:30]} a5 {[%emt 0:02:30]} 16. bxc4 {[%emt 0:01:30]} bxc4 {[%emt 0:00:30]} 17. Bg3 {[%emt 0:04:30]} Ba4 {[%emt 0:07:30]} 18. Qc1 {[%emt 0:05:30]} Qe7 {[%emt 0:05:30]} 19. Rb1 {[%emt 0:06:20]} Rb8 {[%emt 0:00:30]} 20. Qe1 {[%emt 0:00:20]} Bc7 {[%emt 0:08:30]} 21. e4 {[%emt 0:02:54]} f5 {[%emt 0:14:46]} 22. exf5 {[%emt 0:01:20]} exf5 {[%emt 0:00:11]} 23. Ne5 {[%emt 0:04:37]} Qa3 {[%emt 0:02:09]} 24. Qc1 {[%emt 0:02:16]} Qxc1 {[%emt 0:06:17]} 25. Rfxc1 {[%emt 0:00:30]} Nd6 {[%emt 0:00:58]} 26. Bh4 {[%emt 0:00:31]} Rfe8 {[%emt 0:00:01]} 27. Bh5 {[%emt 0:00:35]} g6 {[%emt 0:00:14]} 28. Bd1 {[%emt 0:00:33]} Bxd1 {[%emt 0:00:55]} 29. Rxd1 {[%emt 0:00:33]} Na4 {[%emt 0:00:30]} 30. Rxb8 {[%emt 0:02:24]} Rxb8 {[%emt 0:00:08]} 31. Nd7 {[%emt 0:01:33]} Nxc3 {[%emt 0:02:15]} 32. Re1 {[%emt 0:00:03]} Rb2 {[%emt 0:00:06]} 33. Re7 {[%emt 0:01:16]} Nce4 {[%emt 0:01:21]} 34. Nxe4 {[%emt 0:01:16]} Rb1+ {[%emt 0:00:40]} 35. Kf2 {[%emt 0:00:02]} Nxe4+ {[%emt 0:00:10]} 36. Ke3 {[%emt 0:00:11]} Bd6 {[%emt 0:02:16]} 37. Re8+ {[%emt 0:00:18]} Kf7 {[%emt 0:00:25]} 38. Rc8 {[%emt 0:01:51]} Ke6 {[%emt 0:01:38]} 39. Ne5 {[%emt 0:00:32]} Rb8 {[%emt 0:00:54]} 40. Rc6 {[%emt 0:00:29]} a4 {[%emt 0:01:06]} 41. Ra6 {[%emt 0:03:06]} a3 {[%emt 0:00:30]} 42. Nc6 {[%emt 0:07:30]} Rc8 {[%emt 0:05:30]} 43. Be1 {[%emt 0:03:08]} c3 {[%emt 0:02:30]} 0-1